01270nam a2200265 a 450000100060000000300080000600500170001400800410003103500190007204000350009104100080012608200280013410000290016224502470019126000800043830000380051850200860055650400310064265000380067370000450071170000460075694200130080299900170081595201720083275447BD-RjUL20211209082706.0190410s2016 bg a|||||mb|| 00| ||eng d a(BD-RjUL)75665 aBD-RjULbengcBD-RjULdBD-RjUL aeng 223a616.99449bUDE 20161 aUddin, Md. Dayem923034210aEvluation of treatment HER2 Positive Breast Cancer Patients with Trastuzumab Combined with Cytotoxic Chemotherapy: b-A comparative study /cSubmitted by Md. Dayem Uddin ; 6Supervisor: Md. Anwar Ul Islam ; Co-Supervisor: Md. Jawadul Haque aRajshahi :bInstitute of Biological Sciences, University of Rajshahi,c2016 axiv, 244 Leaves :bIll. ;c30 cm. aThesis (Ph. D.) -- Institute of Biological Sciences, University of Rajshahi, 2016 aReferences: Leaves 194-226 aBreastxCancerxTreatment9114555 aIslam, Md. Anwar Ul , Supervisor9230343 aHaque, Md. Jawadul, Co-Supervisor9230344 2ddccTHE c75447d75447 00102ddc40718THESESaRUCLbRUCLcDoc/Thed2019-03-25eController of Examination Office, R. U.l0oTHE 616.99449 UDE 2016r2019-04-10 00:00:00tC-1w2019-04-10yTHE